Functionalized Graphene Oxide-TiO2 Nanotube Composites for Water Purification/Disinfection / (Record no. 534499)

000 -LEADER
fixed length control field 00543nam a22001577a 4500
020 ## - INTERNATIONAL STANDARD BOOK NUMBER
Qualifying information Hard Cover.
082 ## - DEWEY DECIMAL CLASSIFICATION NUMBER
Classification number 660
100 ## - MAIN ENTRY--PERSONAL NAME
Personal name Muhammad Junaid Afzal
245 ## - TITLE STATEMENT
Title Functionalized Graphene Oxide-TiO2 Nanotube Composites for Water Purification/Disinfection /
Statement of responsibility, etc. Muhammad Junaid Afzal.
260 ## - PUBLICATION, DISTRIBUTION, ETC.
Place of publication, distribution, etc. Islamabad:
Name of publisher, distributor, etc. SCME - NUST,
Date of publication, distribution, etc. 2017.
300 ## - PHYSICAL DESCRIPTION
Extent 54 p. :
Other physical details ill. ;
Dimensions 30cm.
942 ## - ADDED ENTRY ELEMENTS (KOHA)
Source of classification or shelving scheme
Koha item type Thesis
650 ## - SUBJECT ADDED ENTRY--TOPICAL TERM
Topical term or geographic name entry element Chemical Engineering MS-Thesis.
700 ## - ADDED ENTRY--PERSONAL NAME
Personal name Dr. Erum Pervaiz
650 ## - SUBJECT ADDED ENTRY--TOPICAL TERM
-- 16130
700 ## - ADDED ENTRY--PERSONAL NAME
-- 16393
Holdings
Withdrawn status Lost status Source of classification or shelving scheme Damaged status Not for loan Permanent Location Current Location Shelving location Date acquired Total Checkouts Full call number Barcode Date last seen Price effective from Koha item type
          Central Library (CL) Central Library (CL) Thesis 02/28/2020   660 CL-T-5256 02/28/2020 02/28/2020 Thesis
© 2023 Central Library, National University of Sciences and Technology. All Rights Reserved.